Principles Of Digital Communication (Record no. 313003)

MARC details
000 -LEADER
fixed length control field 00514nam a2200169Ia 4500
008 - FIXED-LENGTH DATA ELEMENTS--GENERAL INFORMATION
fixed length control field 230718s9999 xx 000 0 und d
020 ## - INTERNATIONAL STANDARD BOOK NUMBER
International Standard Book Number 9780852261507
041 ## - LANGUAGE CODE
Language code of text/sound track or separate title eng
082 ## - DEWEY DECIMAL CLASSIFICATION NUMBER
Classification number 621.38
Item number DAS
100 ## - MAIN ENTRY--PERSONAL NAME
Personal name Das J.
9 (RLIN) 158443
245 ## - TITLE STATEMENT
Title Principles Of Digital Communication
Remainder of title Signal Representation, Detection Estimation And Inforamation Coding
260 ## - PUBLICATION, DISTRIBUTION, ETC. (IMPRINT)
Date of publication, distribution, etc. 2005
Name of publisher, distributor, etc. New Age
300 ## - PHYSICAL DESCRIPTION
Extent 645
365 ## - TRADE PRICE
Currency code Rs.
Price amount 235.00
700 ## - ADDED ENTRY--PERSONAL NAME
Personal name Das J., Mullick S.K. & Chatterjee P.K.
906 ## - LOCAL DATA ELEMENT F, LDF (RLIN)
d 1430/18.3.06
c ETC
b 47
Holdings
Withdrawn status Lost status Damaged status Not for loan Home library Current library Date acquired Vendor Budget Code Cost, normal purchase price Bill number Total Checkouts Full call number Barcode Date last seen Discount Cost, replacement price Bill Date Koha item type Original Barcode
        Cummins College of Engineering for Women Pune Cummins College of Engineering for Women Pune 20/03/2006 Goels Computer Hut ETC 188.00 1430/18.3.06   621.38 CCEP-BK-24210 18/07/2023 47 235.00 18/03/2006 Books 024210